=LDR 00000nam 2200000 4500 =001 INLIS000000000016965 =005 20130612112157 =008 ***********************************Ind** =035 ##$$0010-061300000016965 =041 ##$$a Ind =082 ##$$a 028.55 =090 ##$$a 028.55, Mak a =100 ##$$a Ma'rarif, Syamsul =245 ##$$a Ayo shalat, Syamsul Ma'arif =260 ##$$a 2001 $b Surabaya =300 ##$$a 28 hlm, ilus, 27 cm =650 ##$$a Bacaan anak-anak =850 ##$$a NBPNMAT